| 000 | 00488nam a2200133Ia 4500 | ||
|---|---|---|---|
| 008 | 160809s9999 xx 000 0 und d | ||
| 100 | _aMitzev, Ivan S. | ||
| 245 | _aCombined Classifiers for Time Series Shapelets Full Text | ||
| 245 | _cIvan S. Mitzev and Nickolas H. Younan, Mississippi State University, United States | ||
| 260 | _bComputer Science and Information Technology | ||
| 260 | _cJanuary 2016 | ||
| 650 | _xINFORMATION TECHNOLOGY | ||
| 856 | _uhttp://airccse.org/V6N48.html | ||
| 999 |
_c300031 _d300031 |
||